000 00768nam a2200241Ia 4500
003 OSt
005 20241120104607.0
008 210716s2001 xx 000 0 und d
020 _a8176563048
040 _cAIMIT LIBRARY
041 _aeng
082 _a005.136
_21
_bSHEP
100 _aSheridan, Patrick W.
_9185821
245 _aIterative uml development using visual basic 6.0 /
_cBy Patrick W Sheridan and Jean M Sekula.
250 _a1st ed
260 _aNew Delhi :
_bBPB Publications ;
_c2001.
300 _axvii,279p. ;
_bPB
_c24 cm.
650 _aIntegrate solution
_9185822
650 _aImplement solution
_9185823
650 _aConfirm solution implementation
_9185824
700 _aSekula, Jean M.
_9185825
942 _2ddc
_cBK
_e1st ed.
_k005.136 SHEP
999 _c185726
_d185726